[Event "IECC CL1-2000.20"]
[Site "IECC email"]
[Date "1999.07.29"]
[Round "?"]
[White "Peetoom, Frank F"]
[Black "Egetorp, Sven"]
[Result "0-1"]
[WhiteElo "2307"]
[BlackElo "2103"]
[PlyCount "30"]
[EventDate "2000.??.??"]
[EventType "tourn (corr)"]
[EventRounds "4"]
[SourceTitle "Corr 2008"]
[Source "ChessBase"]
[SourceDate "2008.06.24"]
[SourceVersion "1"]
[SourceVersionDate "2008.06.24"]
[SourceQuality "1"]

1. d4 Nf6 2. c4 g6 3. Nc3 d5 4. cxd5 Nxd5 5. e4 Nxc3 6. bxc3 Bg7 7. Nf3 c5 8. Rb1 0-0 9. Be2 cxd4 10. cxd4 Qa5+ 11. Bd2 Qxa2 12. 0-0 Bg4 13. Bg5 h6 14. Be3 Nc6 15. d5 Bxf3 0-1

[Event "IECC Trio 720 email"]
[Site "IECC email"]
[Date "1999.04.11"]
[Round "?"]
[White "Egetorp, Sven"]
[Black "Van Deursen, Peter"]
[Result "0-1"]
[WhiteElo "2079"]
[BlackElo "2164"]
[PlyCount "70"]
[EventDate "1999.??.??"]
[EventType "tourn (corr)"]
[EventRounds "4"]
[SourceTitle "Corr 2008"]
[Source "ChessBase"]
[SourceDate "2008.06.24"]
[SourceVersion "1"]
[SourceVersionDate "2008.06.24"]
[SourceQuality "1"]

1. Nf3 Nf6 2. c4 c5 3. Nc3 Nc6 4. g3 g6 5. Bg2 Bg7 6. 0-0 0-0 7. d4 d6 8. d5 Na5 9. Nd2 e5 10. Qc2 Nh5 11. a3 b6 12. b4 Nb7 13. Bb2 f5 14. e4 f4 15. Qd3 g5 16. Nb3 g4 17. b5 Rf6 18. Rfe1 f3 19. Bh1 Nxg3 20. hxg3 Qe8 21. Bc1 Qh5 22. Ra2 Bd7 23. a4 Bh6 24. Nd2 Raf8 25. a5 Nxa5 26. Nd1 Bg5 27. Nxf3 gxf3 28. Bxg5 Qxg5 29. Ne3 h5 30. Nf1 h4 31. Re3 Bh3 32. Bxf3 Nxc4 33. Qxc4 Rxf3 34. Rxf3 Rxf3 35. Qe2 Rf4 0-1

[Event "IECC KO email"]
[Site "IECC email"]
[Date "1999.02.15"]
[Round "?"]
[White "Egetorp, Sven"]
[Black "Scacco, Mauro"]
[Result "1-0"]
[WhiteElo "2068"]
[BlackElo "2099"]
[PlyCount "135"]
[EventDate "1999.??.??"]
[EventType "tourn (corr)"]
[EventRounds "6"]
[SourceTitle "Corr 2008"]
[Source "ChessBase"]
[SourceDate "2008.06.24"]
[SourceVersion "1"]
[SourceVersionDate "2008.06.24"]
[SourceQuality "1"]

1. Nf3 Nf6 2. d4 d6 3. c4 g6 4. Nc3 Bg7 5. g3 0-0 6. Bg2 Nc6 7. 0-0 a6 8. h3 Rb8 9. e4 e5 10. Be3 Nd7 11. Rc1 h6 12. dxe5 Ndxe5 13. Nxe5 dxe5 14. Nd5 Be6 15. Qd2 Kh7 16. b4 f5 17. exf5 Rxf5 18. Rfe1 Rf7 19. b5 Rd7 20. bxc6 bxc6 21. Red1 Rd6 22. Ba7 Ra8 23. Bc5 Rd7 24. Be3 a5 25. f4 e4 26. Bxe4 cxd5 27. cxd5 Bxh3 28. Rc6 Rd6 29. Rc4 Bf5 30. Bf3 h5 31. Bd4 Bxd4+ 32. Qxd4 Raa6 33. Qa1 Rd7 34. Rdc1 Re7 35. Qc3 Ra7 36. Rc6 Rf7 37. Qd4 Rb7 38. R6c5 Ra7 39. Rb5 Ra6 40. Qe5 Ra7 41. Qe3 Ra8 42. Qc3 a4 43. Rb7 Rc8 44. Ra7 Qd7 45. Qd4 Bg4 46. Be4 Bf5 47. d6 Qe6 48. Bxf5 Qxf5 49. Raxc7 Rfxc7 50. dxc7 Qh3 51. Rc3 Qe6 52. Rc2 Qe7 53. Qc4 a3 54. Qc3 Qe4 55. Qc6 Qd4+ 56. Kg2 Qd1 57. Qe4 Qd7 58. Rc6 Qf7 59. Qc2 Kg7 60. Kf2 h4 61. Kg2 hxg3 62. Kxg3 Qe8 63. Rd6 Kh7 64. Kf3 Kg7 65. Qc3+ Kg8 66. Kf2 Kh7 67. Rd1 Qb5 68. Qh3+ 1-0

[Event "IECC CL2-1999.08"]
[Site "IECC email"]
[Date "1999.01.07"]
[Round "?"]
[White "Egetorp, Sven"]
[Black "Castillo, German"]
[Result "1-0"]
[WhiteElo "2057"]
[BlackElo "2003"]
[PlyCount "85"]
[EventDate "1999.??.??"]
[EventType "tourn (corr)"]
[EventRounds "4"]
[SourceTitle "Corr 2008"]
[Source "ChessBase"]
[SourceDate "2008.06.24"]
[SourceVersion "1"]
[SourceVersionDate "2008.06.24"]
[SourceQuality "1"]

1. d4 Nf6 2. c4 g6 3. Nc3 Bg7 4. e4 d6 5. Be2 0-0 6. Bg5 Nbd7 7. Qd2 c6 8. Nf3 e5 9. 0-0 Qe7 10. d5 c5 11. Qe3 a6 12. Nd2 b6 13. Rfe1 Re8 14. a3 Qf8 15. Bd1 h6 16. Bh4 Rb8 17. Ba4 g5 18. Bg3 Nh5 19. b4 Re7 20. Rab1 cxb4 21. axb4 Ndf6 22. Ra1 Nf4 23. Bc6 N6h5 24. Na4 Qd8 25. c5 bxc5 26. bxc5 Nxg3 27. hxg3 Ng6 28. cxd6 Qxd6 29. Nc4 Qd8 30. d6 Re6 31. Red1 Rf6 32. Nc5 Rb4 33. Bd5 Bf8 34. Nxa6 Rxc4 35. Bxc4 Rxd6 36. Qf3 Rxd1+ 37. Rxd1 Qe7 38. Rc1 Be6 39. Bxe6 Qxe6 40. Nc7 Qc8 41. Qf5 Qxf5 42. exf5 Ne7 43. g4 1-0